|
|
|
|
| LEADER |
01703cas a2200241 a 4500 |
| 001 |
AALejournalIMF006654 |
| 008 |
230101c9999 xx r poo 0 0eng d |
| 020 |
|
|
|c 5.00 USD
|
| 020 |
|
|
|z 9781455206780
|
| 022 |
|
|
|a 1934-7685
|
| 040 |
|
|
|a BD-DhAAL
|c BD-DhAAL
|
| 110 |
2 |
|
|a International Monetary Fund.
|
| 245 |
1 |
0 |
|a United States :
|b Publication of Financial Sector Assessment Program Documentation; Technical Note on Consolidated Regulation and Supervision.
|
| 264 |
|
1 |
|a Washington, D.C. :
|b International Monetary Fund,
|c 2010.
|
| 300 |
|
|
|a 1 online resource (22 pages)
|
| 490 |
1 |
|
|a IMF Staff Country Reports
|
| 500 |
|
|
|a <strong>Off-Campus Access:</strong> No User ID or Password Required
|
| 500 |
|
|
|a <strong>On-Campus Access:</strong> No User ID or Password Required
|
| 506 |
|
|
|a Electronic access restricted to authorized BRAC University faculty, staff and students
|
| 520 |
3 |
|
|a This note reviews outgoing U.S. consolidated regulatory and supervisory arrangements and explores options to strengthen them. Although U.S. consolidated regulation and supervision span from the smallest financial groups to the largest and most complex, much effort is focused on the latter. This note addresses the basic statutory arrangements for consolidated regulation and supervision, as distinct from the actual exercise. It is stressed that, of all the U.S. regulatory bodies, it is the Federal Reserve that is best placed to bear the consolidated supervisory mandate.
|
| 538 |
|
|
|a Mode of access: Internet
|
| 830 |
|
0 |
|a IMF Staff Country Reports; Country Report ;
|v No. 2010/251
|
| 856 |
4 |
0 |
|z Full text available on IMF
|u http://elibrary.imf.org/view/journals/002/2010/251/002.2010.issue-251-en.xml
|z IMF e-Library
|